00722nam a2200253Ia 450000500170000000800410001702000150005804000180007304100080009106000110009910000250011024500600013525000110019526000380020630000320024450400270027665000630030365000170036665000170038365000140040070000170041470000170043170000200044820211111074609.0130821s2007 sp gr spa  a8481749451 aCo-BoUCMbspa00aspa00aWE 7401 aMaitland, Geoffrey D10aMaitland manipulación vertebralcGeoffrey D. Maitland a7a ed. aMadrid (España)bElsevierc2007 axx, 508 páginase1 CD-ROM aIncluye bibliografía04aColumna vertebralxEnfermedadesxDiagnostico y tratamiento04aDolor lumbar04aFisioterapia04aOrtopedia1 aBanks, Kevin1 aEnglish, Kay1 aHengeveld, Elly